Cartas al castor y a algunos otros

Na minha lista:
Detalhes bibliográficos
Autor principal: Sartre, Jean-Paul (Author)
Formato: Livro
Idioma:espanhol
Publicado em: Barcelona Edhasa 1986
Edição:1a. ed
Assuntos:
Tags: Adicionar Tag
Sem tags, seja o primeiro a adicionar uma tag!

MARC

LEADER 00000cam a2200000 a 4500
001 UCE8212
003 CL-VaPUC
008 150728e19860000sp |||||||||||||||||spa|d
020 |a 8435012093 
082 0 4 |a 928.41  |b SAR  |2 21 
100 0 |a Sartre, Jean-Paul  |e author  |9 269377 
245 1 0 |a Cartas al castor y a algunos otros 
250 |a 1a. ed 
300 |a v 
942 |c BK 
945 |d 20150728 02:04:00  |a gsalatino 
260 |a Barcelona  |b Edhasa  |c 1986 
500 |a v.1: 1926-1939 
500 |a v.2: 1940-1963 
650 0 |a Correspondencia  |9 258963 
650 0 |a Escritores franceses  |9 555467 
583 |a last modification  |c 20150730 03:19:30  |k Rodrigo Vera 
999 |c 360151  |d 360149 
952 |0 0  |1 0  |3 erd  |4 0  |6 928_410000000000000_SAR_1986  |7 0  |8 A  |9 469795  |a BIBEDU  |b BIBEDU  |e Villagrán Garnham, Jorge  |h v.1  |i 5187117  |o 928.41 SAR 1986  |p 5187117  |r 2019-11-23  |w 2019-11-23  |y BK  |z Catalogado en:20150728  |k FIL 
952 |0 0  |1 0  |3 erd  |4 0  |6 928_410000000000000_SAR_1986  |7 0  |8 A  |9 469796  |a BIBEDU  |b BIBEDU  |e Villagrán Garnham, Jorge  |h v.2  |i 5187125  |o 928.41 SAR 1986  |p 5187125  |r 2019-11-23  |w 2019-11-23  |y BK  |z Catalogado en:20150728  |k FIL